| 000 | 00478nam a22001937a 4500 | ||
|---|---|---|---|
| 003 | MPLRDC | ||
| 005 | 20220104123318.0 | ||
| 008 | 210129b ||||| |||| 00| 0 eng d | ||
| 020 | _a962-17-0558-4 | ||
| 082 | _a947.411 CZZ v.11 | ||
| 100 | _a蔡志忠 | ||
| 245 |
_a漫画六祖坛经 _c |
||
| 250 | _a第三版 | ||
| 260 |
_a _b博益出版集团有限公司 _c1989 |
||
| 300 | _b平 | ||
| 490 | _a蔡志忠 | ||
| 650 | _a蔡志忠漫画 | ||
| 942 |
_cBK _o947.411 CZZ v.11 |
||
| 999 |
_c10310 _d10300 |
||